|
|
|
|
| LEADER |
00000nab a2200000ua 4500 |
| 001 |
vtls010856146 |
| 003 |
SK-MaSNL |
| 005 |
20260303110217.0 |
| 008 |
230121s2011 xo |||||||||||||||||slo| |
| 035 |
|
|
|a (urnnbn)urn:nbn:sk:snk:ar-a07jf0
|
| 035 |
|
|
|a urn:nbn:sk:snk-ab6fax
|
| 035 |
|
|
|a (uuid)54a3828d-c925-4f8e-b5d7-abd251f534cd
|
| 040 |
|
|
|a SNKBUCL
|b slo
|c SNKBUCL
|e AACR2
|
| 041 |
0 |
|
|a slo
|
| 044 |
|
|
|a xo
|c SK
|
| 100 |
1 |
|
|a Weigel, George
|4 aut
|9 1121976
|
| 245 |
1 |
0 |
|a Slovíčko nemeckým teológom
|c George Weigel
|
| 773 |
0 |
|
|t Impulz : revue pre modernú katolícku kultúru
|g Roč. 7, č. 1 (2011), s. 12-13
|
| 954 |
|
|
|a odborná, vedecká literatúra pôvodná (slovenská)
|2 lita
|
| 958 |
|
|
|a OND
|
| 958 |
|
|
|a EUIPO
|
| 958 |
|
|
|a article5
|
| 999 |
|
|
|c 1868607
|d 1870537
|